000
00368nam a2200145Ia 4500
008
231129s1976||||xx |||||||||||||| ||spa||
020
_a
84-307-3160-1
040
_b
spa
082
_a
R 909 V495
100
_a
Vergés Oriol
245
0
_a
Historia de las civilizaciones
260
_c
1976
264
_a
Teide
942
_2
ddc
_c
BKS
999
_c
15182
_d
15182